Detalles MARC
| 000 -LIDER |
| fixed length control field |
01145nam a22002777a 4500 |
| 001 - NÚMERO DE CONTROL |
| Identificador de número de control |
0006548 |
| 003 - IDENTIFICACDOR DE NÚMERO DE CONTROL |
| control field |
DO-SdBNP |
| 005 - DATE AND TIME OF LATEST TRANSACTION |
| control field |
20180206145048.0 |
| 007 - CAMPOS FIJOS DE DESCRIPCIÓN FÍSICA |
| fixed length control field |
0006548 |
| 008 - ELEMENTOS DE LONGITUD FIJA |
| fixed length control field |
160613b 1994 mx |||| |||| 00| 0 spa d |
| 020 ## - ISBN |
| International Standard Book Number |
9684328265 |
| 040 ## - FUENTE DE CATALOGACIÓN |
| Agencia que crea de manera original el registro |
BPMSU |
| Idioma de catalogación |
spa |
| Agencia que realiza la transcripción |
BPMSU |
| 092 ## - LOCALLY ASSIGNED DEWEY DECIMAL CALL NUMBER |
| Número de clasificación |
xxxxx |
| Número de ítem (Cutter) |
xxxxx |
| 100 1# - ASIENTO PRINCIPAL -- NOMBRE PERSONAL |
| Nombre personal |
Zdenek, Joseph W. |
| 245 10 - MENCIÓN DE TITULO |
| Título |
Teatro español contemporáneo / |
| Mención de responsabilidad |
introducciones y anotaciones por Joseph W. Zdenek y Guillermo I. Castillo-Feliú. |
| 250 ## - MENCIÓN DE EDICION |
| Mención de edición |
5a ed. |
| 260 ## - PUBLICACIÓN, DISTRIBUCIÓN, ETC. (PIE DE IMPRENTA) |
| Lugar de publicación, distribución, etc |
México : |
| Nombre del editor, distribuidor, etc. |
Porrúa, |
| Fecha de publicación, distribución, etc |
1984. |
| 300 ## - DESCRIPCIÓN FÍSICA |
| Extensión |
334, [26] p. |
| Dimensiones |
22 cm. |
| 490 1# - MENCIÓN DE SERIES |
| Mención de serie |
"Sepan cuantos... " |
| Volume/sequential designation |
325 p. |
| 505 0# - NOTA DE CONTENIDO |
| Título |
Los intereses creados ; La Malquerida / |
| Mención de responsabilidad |
Jacinto Benavente -- |
| Título |
En Flandes se ha puesto el sol / |
| Mención de responsabilidad |
Eduardo Marquina -- |
| Título |
Malvaloca / |
| Mención de responsabilidad |
Serafín y Joaquín Álvarez Quintero -- |
| Título |
El embrujado / |
| Mención de responsabilidad |
Don Ramón del Valle-Inclán -- |
| Título |
Sombras de sueño / |
| Mención de responsabilidad |
Miguel de Unamuno -- |
| Título |
Bodas de sangre / |
| Mención de responsabilidad |
Federico García Lorca. |
| 700 1# - ASIENTO SECUNDARIO -- NOMBRE PERSONAL |
| Nombre personal |
Castillo-Feliú, Guillermo I. |
| 830 #0 - ASIENTO SECUNDARIO DE SERIE--TÍTULO UNIFORME |
| Título uniforme |
"Sepan cuantos... " |
| Número de la parte o sección de una obra |
325 |
| 942 ## - ADDED ENTRY ELEMENTS (KOHA) |
| Source of classification or shelving scheme |
Dewey Decimal Classification |
| Koha item type |
Libros |
| 945 ## - INFORMACIÓN DE PROCESAMIENTO LOCAL |
| Información de procesamiento local |
Inventariado, 2018 / BT |
| 956 ## - LOCAL ELECTRONIC LOCATION AND ACCESS (OCLC) |
| Método de acceso |
LOPEREZ |
| Materiales especificados |
10 |
| Enlace |
20160613 |
| Campo enlazado y núm. de secuencia |
BPMSU |
| Nombre de host |
00041 |